00233nam a2200097Ia 4500008004100000100002100041245003200062250000800094260002500102300000800127191201s2011 xx 000 0 und d aPANNEERSELVAM, R 0aDatabase Management Systems aRep c2011bPHIaNEW DELHI a387